000 00599nam a2200229Ia 4500
003 OSt
005 20220928122055.0
006 a|||||r|||| 00| 0
007 ta
008 220927b |||||||| |||| 00| 0 eng d
024 _a31587
037 _cTextual
040 _aSDCL
_cSDCL
_beng
041 _2eng
_aeng
082 _aG9X, M5
100 _aHough J S
_9455901
245 0 _aBiotechnology of malting and brewing.
260 _aCambridge
_bCambridge University Press
_c1985
300 _axiv,168p
_ccm.
942 _hG9X, M5
_cTEXL
_2CC
999 _c769550
_d769550